La coordinación de coparentalidad. Una intervención especializada para familias en situación de alta conflictividad crónica post-ruptura de pareja (Record no. 187981)

MARC details
000 -CABECERA
campo de control de longitud fija 01821nab a2200265 a 4500
005 - FECHA Y HORA DE LA ÚLTIMA TRANSACCIÓN
campo de control 20250319174811.0
008 - ELEMENTOS DE LONGITUD FIJA--INFORMACIÓN GENERAL
campo de control de longitud fija 991125c2016 sp tr p o 000 0 spa d
035 ## - NÚMERO DE CONTROL DEL SISTEMA
Número de control de sistema UPN01000215881
040 ## - FUENTE DE LA CATALOGACIÓN
Centro catalogador/agencia de origen UPN
Lengua de catalogación spa
Centro/agencia transcriptor UPN
Normas de descripción aacr2
049 ## - COLECCIÓN
Colección ART-E
100 1# - ASIENTO PRINCIPAL--NOMBRE PERSONAL
Nombre de persona Capdevila Brophy, Connie
Enlace - draconniecapdevila@copc.cat
245 13 - MENCIÓN DE TÍTULO
Título La coordinación de coparentalidad. Una intervención especializada para familias en situación de alta conflictividad crónica post-ruptura de pareja
506 0# - NOTA DE RESTRICCIONES AL ACCESO
Limitaciones de acceso Acceso abierto
520 3# - NOTA DE RESUMEN, ETC.
Sumario, etc. En los últimos 25 años, la coordinación de parentalidad ha evolucionado para instaurarse como una intervención útil para familias en situación de alta conflictividad post-ruptura de pareja en EE. UU. y Canadá. Este artículo quiere ofrecer una introducción práctica de la coordinación de parentalidad. Tras revisar los conceptos de alta conflictividad, coparentalidad y plan de parentalidad, se centra en la práctica de la coordinación de parentalidad siguiendo las cuatro fases: inicial, de implementación, mantenimiento y final. Desinvolucrar a los progenitores es un objetivo central y se describen algunas estrategias y herramientas únicas en coordinación de parentalidad para llevarlo a cabo. Finalmente, se presentan algunas consideraciones éticas en el ejercicio de la coordinación de parentalidad señalando 10 errores comunes a evitar.
650 #2 - ASIENTO SECUNDARIO DE MATERIA - TERMINO TEMATICO
Término de materia o nombre geográfico como elemento de entrada Parentalidad
9 (RLIN) 25035
650 #2 - ASIENTO SECUNDARIO DE MATERIA - TERMINO TEMATICO
Término de materia o nombre geográfico como elemento de entrada Conflicto familiar
9 (RLIN) 11591
650 #2 - ASIENTO SECUNDARIO DE MATERIA - TERMINO TEMATICO
Término de materia o nombre geográfico como elemento de entrada Separación conyugal
9 (RLIN) 9119
650 #2 - ASIENTO SECUNDARIO DE MATERIA - TERMINO TEMATICO
Término de materia o nombre geográfico como elemento de entrada Divorcio
9 (RLIN) 14831
653 0# - TERMINO DE INDIZACION - NO CONTROLADO
Término no controlado Alta conflictividad
773 ## - ENLACE AL DOCUMENTO FUENTE/ENTRADA DE REGISTRO ANFITRIÓN
Parte(s) relacionada(s) Vol. 46, no. 1 (2016), p. 41-49
Título Anuario de psicología
Número Internacional Normalizado para Publicaciones Seriadas 0066-5126
856 4# - LOCALIZACIÓN Y ACCESO ELECTRÓNICOS
Identificador Uniforme del Recurso <a href="https://revistes.ub.edu/index.php/Anuario-psicologia/article/view/17422">https://revistes.ub.edu/index.php/Anuario-psicologia/article/view/17422</a>
902 ## - ELEMENTOS DE DATOS B LOCAL, LDB (RLIN)
Creó Gloria Jiménez/1124
905 ## - TIPO DE MATERIAL
Tipo de material Articulo
942 ## - ELEMENTOS DE PUNTO DE ACCESO ADICIONAL (KOHA)
Tipo de ítem Koha Artículo Electrónico
Holdings
Estado de retiro Estado de pérdida Estado dañado No para préstamo Código de colección Localización permanente Ubicación/localización actual Ubicación en estantería Fecha de adquisición Total de préstamos Fecha visto por última vez Identificador Uniforme del Recurso Precio válido a partir de Tipo de ítem Koha
        Acceso abierto Bib. Gregorio Torres Quintero Bib. Gregorio Torres Quintero En línea 12/11/2024   12/11/2024 https://revistes.ub.edu/index.php/Anuario-psicologia/article/view/17422 12/11/2024 Artículo Electrónico